[Event "Mecklenburg VP-ch U14"]
[Site "Malchow"]
[Date "2019.02.05"]
[Round "5.3"]
[White "Engel, Benedikt"]
[Black "Grossmann, Piet"]
[Result "0-1"]
[WhiteElo "1022"]
[BlackElo "1752"]
[PlyCount "98"]
[EventDate "2019.02.02"]
[EventType "swiss"]
[EventRounds "7"]
[EventCountry "GER"]
[SourceTitle "EXT 2022"]
[Source "ChessBase"]
[SourceDate "2021.10.06"]
[SourceVersion "1"]
[SourceVersionDate "2021.10.06"]
[SourceQuality "1"]

1. Nf3 Nf6 2. c4 e6 3. g3 b6 4. Bg2 Bb7 5. 0-0 c5 6. d4 cxd4 7. Nxd4 Bxg2 8. Kxg2 Be7 9. Nc3 0-0 10. Bf4 a6 11. Qd2 d6 12. Nf3 Qc7 13. Qd3 Nc6 14. Rfd1 Rfd8 15. a3 Na5 16. Rac1 Nb3 17. Rc2 Nc5 18. Qd2 Nfe4 19. Nxe4 Nxe4 20. Qe3 Nc5 21. b4 Nb7 22. Ng5 Bxg5 23. Bxg5 Qc6+ 24. Kg1 Rd7 25. Qc3 Rc8 26. Rdc1 Rdc7 27. f3 b5 28. Qd4 Qd7 29. Qg4 e5 30. Qxd7 Rxd7 31. c5 dxc5 32. bxc5 Rdc7 33. Be3 Kf8 34. c6 Nd8 35. Bb6 Rxc6 36. Rxc6 Rxc6 37. Rxc6 Nxc6 38. Kf2 Ke7 39. Ke3 Ke6 40. Ke4 g6 41. f4 f5+ 42. Ke3 e4 43. Kd2 Kd5 44. Kc3 Ne7 45. e3 Nc8 46. Bd4 Nd6 47. Kb4 Nc4 48. Ba7 Nd2 49. Kc3 Nf1 0-1

[Event "Mecklenburg VP-ch U14"]
[Site "Malchow"]
[Date "2019.02.03"]
[Round "2.5"]
[White "Kruse, Johannes"]
[Black "Engel, Benedikt"]
[Result "1/2-1/2"]
[WhiteElo "1454"]
[BlackElo "1022"]
[PlyCount "42"]
[EventDate "2019.02.02"]
[EventType "swiss"]
[EventRounds "7"]
[EventCountry "GER"]
[SourceTitle "EXT 2022"]
[Source "ChessBase"]
[SourceDate "2021.10.06"]
[SourceVersion "1"]
[SourceVersionDate "2021.10.06"]
[SourceQuality "1"]

1. e4 c5 2. Nf3 d6 3. d4 Nd7 4. Nc3 Ngf6 5. Bd3 e6 6. 0-0 Be7 7. Re1 0-0 8. e5 dxe5 9. dxe5 Nd5 10. Nxd5 exd5 11. Bf5 Nb6 12. Bxc8 Rxc8 13. c3 h6 14. Rb1 Qd7 15. b3 Rc6 16. c4 d4 17. Qd3 f6 18. Bxh6 gxh6 19. Qg6+ Kh8 20. Qxh6+ Kg8 21. Qg6+ Kh8 1/2-1/2

[Event "Mecklenburg VP-ch Youth"]
[Site "Malchow"]
[Date "2017.02.14"]
[Round "6.9"]
[White "Engel, Benedikt"]
[Black "Ederle, Artoem"]
[Result "1-0"]
[WhiteElo "917"]
[BlackElo "868"]
[PlyCount "91"]
[EventDate "2017.02.08"]
[EventType "swiss"]
[EventRounds "7"]
[EventCountry "GER"]
[SourceTitle "EXT 2022"]
[Source "ChessBase"]
[SourceDate "2021.10.06"]
[SourceVersion "1"]
[SourceVersionDate "2021.10.06"]
[SourceQuality "1"]

1. d4 d5 2. Bf4 Bf5 3. Nf3 Nf6 4. e3 e6 5. c4 c5 6. Nbd2 Qa5 7. Be2 dxc4 8. Bxc4 b5 9. Be2 Ne4 10. 0-0 Nxd2 11. Qxd2 Qxd2 12. Nxd2 Nd7 13. Bxb5 cxd4 14. exd4 Rd8 15. Bc7 Rc8 16. Rac1 Be7 17. Nf3 0-0 18. Bxd7 Bd3 19. Rfe1 Bb4 20. Bxc8 Bxe1 21. Nxe1 Be4 22. Ba6 Bd5 23. Bc4 Bxc4 24. Rxc4 Rc8 25. Rc1 Kf8 26. Bd6+ Ke8 27. Rxc8+ Kd7 28. Rh8 h6 29. Be5 f6 30. Bg3 a5 31. Ra8 Ke7 32. Rxa5 Kf7 33. b4 Kg6 34. Rc5 f5 35. b5 Kg5 36. Nf3+ Kh5 37. b6 g5 38. h3 g4 39. hxg4+ Kxg4 40. Ne5+ Kh5 41. b7 Kg5 42. Nf3+ Kh5 43. b8Q Kg6 44. Qg8+ Kh5 45. Qxe6 Kg4 46. Qxf5# 1-0

[Event "Mecklenburg VP U12"]
[Site "Malchow"]
[Date "2016.02.08"]
[Round "6.9"]
[White "Kraemer, Bruno"]
[Black "Engel, Benedikt"]
[Result "1-0"]
[WhiteElo "890"]
[BlackElo "845"]
[PlyCount "74"]
[EventDate "2016.02.02"]
[EventType "swiss"]
[EventRounds "7"]
[EventCountry "GER"]
[SourceTitle "EXT 2024"]
[Source "ChessBase"]
[SourceDate "2023.10.10"]
[SourceVersion "1"]
[SourceVersionDate "2023.10.10"]
[SourceQuality "1"]

1. e4 e5 2. Nf3 Nc6 3. Bc4 Bc5 4. d3 d6 5. Ng5 Be6 6. Nxe6 fxe6 7. Bxe6 Nf6 8. Bg5 h6 9. Bh4 Qe7 10. Bd5 0-0-0 11. Bxc6 bxc6 12. Na3 g5 13. Bg3 Qf7 14. 0-0 h5 15. h3 g4 16. h4 d5 17. Bxe5 Bd6 18. Bxd6 cxd6 19. exd5 Nxd5 20. Re1 Qg7 21. g3 Qxb2 22. Qc1 Qf6 23. Nc4 Rhf8 24. Qd2 Kc7 25. Qa5+ Kd7 26. Qxa7+ Kc8 27. Rab1 Qxf2+ 28. Qxf2 Rxf2 29. Kxf2 Rf8+ 30. Kg1 Kc7 31. Rf1 Re8 32. Rbe1 Rxe1 33. Rxe1 Nc3 34. a3 d5 35. Re7+ Kd8 36. Rh7 dxc4 37. dxc4 Ne4 1-0